Vivaldi e i grandi musicisti italiani del '600 e '700-vol. 8 (Record n. 100146)
[ formato base ]
| 000 -LEADER | |
|---|---|
| fixed length control field | 01707njm a2200349Ia 4500 |
| 001 - CONTROL NUMBER | |
| control field | 27151 |
| 003 - CONTROL NUMBER IDENTIFIER | |
| control field | IT-RoPAU |
| 005 - DATE AND TIME OF LATEST TRANSACTION | |
| control field | 20220918181126.0 |
| 008 - FIXED-LENGTH DATA ELEMENTS--GENERAL INFORMATION | |
| fixed length control field | 131025s9999 xx 000 0 und d |
| 040 ## - CATALOGING SOURCE | |
| Original cataloging agency | IT-RoPAU |
| 040 ## - CATALOGING SOURCE | |
| Transcribing agency | IT-RoPAU |
| 999 ## - SYSTEM CONTROL NUMBERS (KOHA) | |
| Koha Dewey Subclass [OBSOLETE] | n.d. |
| 100 ## - MAIN ENTRY--PERSONAL NAME | |
| Personal name | AA.VV. |
| 9 (RLIN) | 794 |
| 100 ## - MAIN ENTRY--PERSONAL NAME | |
| Relator term | Autore musica |
| 9 (RLIN) | 17388 |
| 100 ## - MAIN ENTRY--PERSONAL NAME | |
| Miscellaneous information | Codice autore musica SPICS: 12000 |
| 9 (RLIN) | 796 |
| 245 ## - TITLE STATEMENT | |
| Title | Vivaldi e i grandi musicisti italiani del '600 e '700-vol. 8 |
| 250 ## - EDITION STATEMENT | |
| Edition statement | 1a ed. |
| 260 ## - PUBLICATION, DISTRIBUTION, ETC. (IMPRINT) | |
| Place of publication, distribution, etc. | MILANO |
| 260 ## - PUBLICATION, DISTRIBUTION, ETC. (IMPRINT) | |
| Name of publisher, distributor, etc. | READER'S DIGEST |
| Date of publication, distribution, etc. | 1978 [1a Ed.:1978] |
| 300 ## - PHYSICAL DESCRIPTION | |
| Extent | DISCO |
| 500 ## - GENERAL NOTE | |
| General note | Musica classica, strumentale |
| 505 ## - FORMATTED CONTENTS NOTE | |
| Formatted contents note | Concerto n 2 in sol maggiore per flauto, archi e basso continuo - Concerto per oboe e archi in mi bemolle maggiore - Concerto in do minore per oboe e orchestra d'archi - Sonata per archi n 3 in do maggiore |
| 511 ## - PARTICIPANT OR PERFORMER NOTE | |
| Participant or performer note | Orchestra da Camera della Radiodiffusion Sarroise diretta da Ristenpart Karl |
| 511 ## - PARTICIPANT OR PERFORMER NOTE | |
| Participant or performer note | Orchestra da Camera Jean Francois Paillard |
| 511 ## - PARTICIPANT OR PERFORMER NOTE | |
| Participant or performer note | I Solisti Veneti diretti da Scimone Claudio |
| 650 ## - SUBJECT ADDED ENTRY--TOPICAL TERM | |
| Topical term or geographic name as entry element | CLASSICA [DISCHI] |
| Relator term | Codice MATERIA SPICS: 9950 |
| 9 (RLIN) | 1157 |
| 700 ## - ADDED ENTRY--PERSONAL NAME | |
| Personal name | Pergolesi G. Battista |
| Dates associated with a name | Codice autore musica SPICS: 2718 |
| Relator term | Autore musica |
| Name of part/section of a work | Concerto n 2 in sol maggiore per flauto, archi e basso continuo |
| 9 (RLIN) | 17389 |
| 700 ## - ADDED ENTRY--PERSONAL NAME | |
| Personal name | Bellini Vincenzo |
| Dates associated with a name | Codice autore musica SPICS: 10722 |
| Relator term | Autore musica |
| Name of part/section of a work | Concerto per oboe e archi in mi bemolle maggiore |
| 9 (RLIN) | 17390 |
| 700 ## - ADDED ENTRY--PERSONAL NAME | |
| Personal name | Cimarosa Domenico |
| Dates associated with a name | Codice autore musica SPICS: 13089 |
| Relator term | Autore musica |
| Name of part/section of a work | Concerto in do minore per oboe e orchestra d'archi |
| 9 (RLIN) | 17391 |
| 700 ## - ADDED ENTRY--PERSONAL NAME | |
| Personal name | Rossini Gioachino |
| Dates associated with a name | Codice autore musica SPICS: 11125 |
| Relator term | Autore musica |
| Name of part/section of a work | Sonata per archi n 3 in do maggiore |
| 9 (RLIN) | 17392 |
| 942 ## - ADDED ENTRY ELEMENTS (KOHA) | |
| Koha item type | DISCHI |
| Source of classification or shelving scheme | Dewey Decimal Classification |
| Withdrawn status | Lost status | Damaged status | Not for loan | Home library | Current library | Date acquired | Total Checkouts | Full call number | Date last seen | Price effective from | Koha item type | Public note |
|---|---|---|---|---|---|---|---|---|---|---|---|---|
| Buone Condizioni | Not For Loan | SPICS-MEDIATECA | SPICS-MEDIATECA | 25/10/2013 | 27151 | 25/10/2013 | 25/10/2013 | DISCHI | Progr. Ins.: 6708 / N.Vol.: 1 / Copie: 1 - Copia rara: n.d. / date import: 01.01.2014 - By Epidotti, Trombetti, Vaglietti |